[Event "THA-ch (Women)"]
[Site "Bangkok"]
[Date "2021.11.05"]
[Round "2"]
[White "Nilkhumhaeng, Nilwadee"]
[Black "Chuersakul, Sarocha"]
[Result "0-1"]
[WhiteElo "1229"]
[BlackElo "1686"]
[PlyCount "76"]
[EventDate "2021.11.05"]
[EventType "swiss"]
[EventRounds "9"]
[EventCountry "THA"]
[SourceTitle "CBM 205 Extra"]
[Source "ChessBase"]
[SourceDate "2022.01.31"]
[SourceVersion "1"]
[SourceVersionDate "2022.01.31"]
[SourceQuality "1"]

1. e4 c5 2. d4 cxd4 3. c3 e6 4. Nf3 Nc6 5. Bc4 a6 6. 0-0 dxc3 7. Nxc3 d6 8. Qe2 Be7 9. Rd1 Qc7 10. Bf4 Nf6 11. e5 dxe5 12. Nxe5 Nxe5 13. Bxe5 Qc6 14. Rd2 0-0 15. Rad1 b5 16. Bxf6 Bxf6 17. Bd3 Qb6 18. Ne4 Be7 19. Qh5 g6 20. Qh6 Bb7 21. Ng3 f5 22. Bc2 Bd5 23. h4 Qd8 24. Bb3 Rf7 25. Rxd5 exd5 26. Bxd5 Kh8 27. Bxf7 Qxd1+ 28. Kh2 Bf8 29. Qg5 Qd8 30. Qf4 Qd6 31. Qf3 Rd8 32. Bb3 Bg7 33. Kh3 Qd4 34. Kh2 Qxh4+ 35. Kg1 Qd4 36. Ne2 Qd3 37. Qxd3 Rxd3 38. Nf4 Rd2 0-1